Statistics for Asias biggest islands

Click here to take the quiz!

General Stats

  • This quiz has been taken 25 times
    (18 since last reset)
  • The average score is 8 of 10

Answer Stats

sqmilesAnswer% Correct
280100Borneo
93%
164000Sumatra
93%
87805Honshu
93%
67400Celebes
93%
48900Java
93%
30144Hokkaido
93%
40419Luzon
80%
25200Sri Lanka
80%
36537Mindanao
67%
29500Sakhalin
33%

Score Distribution

Percentile by Number Answered

Percent of People with Each Score

Your Score History

You have not taken this quiz since the last reset